00321nam a22001097a 4500020001500000082001600015100002100031245007000052260003900122300002200161650002800183 a0845347713 a060.42bRAY aM. Stanley Ryan. aParliamentary procedure:bessential principles /cM. Stanley Ryan aNew York :bCornwall Books:c1985. a227 pagesc22 cm. aParliamentary procedure